000
00339nam a2200145Ia 4500
008
210210b1969 xxu||||| |||| 00| 0 eng d
082
_a
629.4 FAIM
100
_a
FAIRLEY (Peter).
245
_a
Man on the moon.
260
_a
London
_b
Manflower book ltd
_c
1969
300
_a
237
650
_a
Moon
690
_a
Astronomy
906
_a
027571
999
_c
78856
_d
78856